北東北大学野球連盟出身の現役選手(2026) - Statistics

General Stats
  • This quiz has been taken 6 times
  • The average score is 14 of 20
Answer Stats
横山大学名 現所属 ポジション 選手名 % Correct
富士 広島 投手 佐藤柳之介
100%
富士 ソフトバンク 内野手 山川穂高
83%
富士 オリックス 外野手 麦谷祐介
83%
富士 西武 内野手 外崎修汰
83%
八戸学院 広島 外野手 秋山翔吾
67%
八戸学院 ヤクルト 投手 大道温貴
67%
青森 DeNA 外野手 蝦名達夫
67%
富士 巨人 捕手 坂本達也
67%
富士 広島 内野手 渡邉悠斗
67%
富士 ソフトバンク 投手 安德駿
67%
富士* ソフトバンク 外野手 鈴木貴大
67%
富士 日本ハム 投手 金村尚真
67%
富士 楽天 投手 鈴木翔天
67%
富士* 西武 投手 佐々木健
67%
富士 ロッテ 投手 長島幸佑
67%
青森中央 日本ハム 投手 横山永遠
67%
八戸学院 中日 投手 松山晋也
50%
青森 DeNA 投手 庄司陽斗
50%
青森 広島 外野手 名原典彦
50%
富士* 中日 投手 牧野憲伸
50%
No matching quizzes found
Score Distribution
Percent of People with Each Score
Percentile by Number Answered
Your Score History
You have not taken this quiz